Statistics for People Who Lived to be 100

Click here to take the quiz!

General Stats

  • This quiz has been taken 197 times
    (196 since last reset)
  • The average score is 4 of 14

Answer Stats

Hint Answer % Correct
JFK, Bobby, and Teddy's motherRose Kennedy
83%
Entertained troops every ChristmasBob Hope
75%
"White Christmas" composerIrving Berlin
55%
Wife of King George VIQueen Mother Elizabeth
50%
Oh, God!, The Sunshine BoysGeorge Burns
43%
Longtime South Carolina senatorStrom Thurmond
27%
Painted in a primitive styleGrandma Moses
18%
Old Rose in "Titanic"Gloria Stuart
13%
The Great Ziegfeld, The Good EarthLuise Rainer
11%
1936 GOP presidential candidateAlf Landon
9%
Our Gang, Laurel & Hardy producerHal Roach
8%
Billy Graham's featured soloistGeorge Beverly Shea
6%
Homer Bedloe on Petticoat JunctionCharles Lane
3%
Wrote "You Are My Sunshine"Gov. Jimmie Davis
3%

Score Distribution

Percentile by Number Answered

Percent of People with Each Score

Your Score History

You have not taken this quiz since the last reset